00965cam a2200265 a 450000100100000000500170001000800410002702000150006804000250008308200240010810000350013224501260016725000110029326000320030430000280033649000290036465000270039365000310042070000340045183000370048591000280052291000070055095201270055799900150068400000459620200929151452.0920310s2000 sp 000 0 spa  a8437609666 aDO-SdBNPbspacBNPHU a862.6bS252t, 2000.1 aSastre, Alfonso,d1926-91340713aLa taberna fantástica :btragedia fantástica de la gitana Celestina /cAlfonso Sastre ; edición de Mariano de Paco. a5a ed. aMadrid :bCátedra,c2000. a275 p. :bil. ;c18 cm.1 aLetras hispánicasv327 4aTeatro español93071 4aLiteratura española96321 aPaco, Mariano de,eed.913408 0aLetras hispánicas ;v32794208 aCatalogación derivada aWM 001052708MOaGRbGRcHDd2009-07-23iLF1l0o862.6 S252t, 2000.p4596-10r2020-06-25w2020-06-25y2ZPréstamo interno c4404d4404